Dynamo Kyiv Champions League XIs - Statistics

General Stats
  • This quiz has been taken 104 times
  • The average score is 19 of 83
Answer Stats
Answer % Correct
Andriy Shevchenko
89%
Andriy Yarmolenko
66%
Serhiy Rebrov
55%
Oleksandr Shovkovskiy
43%
Vitaliy Mykolenko
39%
Georgiy Bushchan
35%
Andriy Husin
34%
Mykola Shaparenko
34%
Artem Milevskiy
32%
Tomasz Kędziora
32%
Denys Popov
31%
Denys Garmash
30%
Domagoj Vida
30%
Maxym Koval
30%
Danilo Silva
28%
Viktor Tsyhankov
28%
Yevhen Khacheridi
28%
Illia Zabarnyi
27%
Oleg Luzhny
27%
Oleksandr Aliyev
27%
Viktor Leonenko
27%
Aleksandar Dragović
26%
Kakha Kaladze
26%
Oleksandr Holovko
24%
Serhiy Sydorchuk
24%
Vitaliy Buyalskiy
24%
Alyaksandr Khatskevich
23%
Diogo Rincón
23%
Goran Gavrančić
23%
Ismaël Bangoura
23%
Serhiy Fedorov
23%
Vladyslav Vashchuk
23%
Derlis González
22%
Miguel Veloso
22%
Ognjen Vukojević
22%
Oleh Husyev
22%
Stanyslav Bogush
22%
Aleksandr Filimonov
20%
Andriy Nesmachniy
20%
Brown Ideye
20%
Georgi Demetradze
20%
Goran Sablić
20%
Maksim Shatskikh
20%
Miloš Ninković
20%
Oleksandr Syrota
20%
Vitaliy Reva
20%
Antunes
19%
Ayila Yussuf
19%
Betão
19%
Carlos de Pena
19%
Florin Cernat
19%
Júnior Moraes
19%
Kléber
19%
Oleksandr Melaschenko
19%
Rodrigo
19%
Tiberiu Ghioane
19%
Vitaliy Kosovskyi
19%
Yuriy Dmytrulin
19%
Gabriel Correa
18%
Gerson Magrao
18%
Maris Verpakovskis
18%
Serhiy Rybalka
18%
Taras Mykhalyk
18%
Taye Taiwo
18%
Valyantsin Byalkevich
18%
Yuriy Kalitvintsev
18%
Artur Rudko
16%
Badr El Kaddouri
16%
Dmytro Mykhaylenko
16%
Rodolfo
16%
Roman Eremenko
16%
Serhiy Kovalets
16%
Jerko Leko
15%
Marjan Marković
15%
Papé Diakhaté
15%
Vladyslav Supryaha
15%
Georgi Peev
12%
Leandro
12%
Mykola Morozyuk
12%
Serhiy Lezhentsev
12%
Serhiy Shmatovalenko
12%
Oleksandr Pryzetko
11%
Ramiz Mamedov
7%
No matching quizzes found
Score Distribution
Percent of People with Each Score
Percentile by Number Answered
Your Score History
You have not taken this quiz